| Tag |
First Indicator |
Second Indicator |
Subfields |
| LEADER |
00000cam a2200000 i 4500 |
| 001 |
in00000413413 |
| 005 |
20151012060047.0 |
| 008 |
800122r1979 dcu r 00010 eng d |
| 035 |
|
|
|a (OCoLC)05902377
|
| 035 |
|
|
|9 ABV2116AM
|
| 040 |
|
|
|a CBU
|c CBU
|d m.c.
|d TXA
|d UtOrBLW
|
| 043 |
|
|
|a n-us---
|
| 049 |
|
|
|a TXAM
|c [A09500274]
|
| 090 |
|
|
|a HD2346.U5
|b A87 1979
|
| 110 |
2 |
|
|a Associated General Contractors of America.
|
| 245 |
1 |
0 |
|a MBE contractor directory.
|
| 264 |
|
1 |
|a [Washington] :
|b Associated General Contractors of America,
|c [1979]
|
| 300 |
|
|
|a 245 pages ;
|c 28 cm.
|
| 336 |
|
|
|a text
|b txt
|2 rdacontent
|
| 337 |
|
|
|a unmediated
|b n
|2 rdamedia
|
| 338 |
|
|
|a volume
|b nc
|2 rdacarrier
|
| 500 |
|
|
|a "Reprinted from October [1979] Constructor."
|
| 650 |
|
0 |
|a Minority business enterprises
|z United States
|v Directories.
|
| 650 |
|
0 |
|a Building trades
|z United States
|x Directories.
|
| 740 |
0 |
|
|a Contractor directory.
|
| 999 |
|
|
|a MARS
|
| 999 |
f |
f |
|s 65ac2892-f5b5-333b-80a8-9ba7f8ee1849
|i 08a34beb-b5fb-39de-a6da-48d8a51320d2
|t 0
|
| 952 |
f |
f |
|p ric
|a Texas A&M University
|b Rellis Campus
|c Joint Library Facility
|d Remote Storage
|t 0
|e HD2346.U5 A87 1979
|h Library of Congress classification
|i unmediated -- volume
|m A14809500274
|
| 998 |
f |
f |
|a HD2346.U5 A87 1979
|t 0
|l Remote Storage
|